[Event "28. Torneo San Viator 2017"]
[Site "Madrid ESP"]
[Date "2017.05.21"]
[Round "7.11"]
[White "Padin Lazaro, Jose Manuel"]
[Black "Cano Mercado, Francisco Manuel"]
[Result "1/2-1/2"]
[WhiteElo "1914"]
[BlackElo "1799"]
[PlyCount "77"]
[EventDate "2017.03.26"]
[EventType "swiss"]
[EventRounds "9"]
[EventCountry "ESP"]
[SourceTitle "Ajedrez en Madrid"]
[Source "lmi"]
[SourceDate "2017.03.26"]

1. e4 e6 2. d4 d5 3. Nc3 dxe4 4. Nxe4 Bd7 5. Nf3 Bc6 6. Bd3 Nd7 7. O-O Ngf6 8.
Qe2 Nxe4 9. Bxe4 Bxe4 10. Qxe4 c6 11. Bf4 Be7 12. Rfe1 O-O 13. Rad1 Nf6 14. Qe2
Re8 15. h3 Qa5 16. a3 Qh5 17. Qc4 Qd5 18. Qd3 Rad8 19. Bc7 Rc8 20. c4 Qh5 21.
Bg3 Nd7 22. Ne5 Nxe5 23. Bxe5 Qg6 24. Qb3 b6 25. Re3 Bf6 26. Rg3 Qh6 27. Bxf6
Qxf6 28. Rf3 Qg5 29. Rfd3 Rcd8 30. Qa4 b5 31. cxb5 Qxb5 32. Qxb5 cxb5 33. d5
exd5 34. Rxd5 Rb8 35. Rd7 a5 36. b3 g6 37. Kf1 Rec8 38. R1d3 Rc1+ 39. Rd1
1/2-1/2

[Event "28. Torneo San Viator 2017"]
[Site "Madrid ESP"]
[Date "2017.05.21"]
[Round "7.12"]
[White "Garcia Sanjuan, Jose"]
[Black "Gonzalez-Ruano Perez, Cesar"]
[Result "1-0"]
[WhiteElo "1891"]
[BlackElo "1882"]
[PlyCount "63"]
[EventDate "2017.03.26"]
[EventType "swiss"]
[EventRounds "9"]
[EventCountry "ESP"]
[SourceTitle "Ajedrez en Madrid"]
[Source "lmi"]
[SourceDate "2017.03.26"]

1. Nf3 d6 2. b3 e5 3. d3 f5 4. e4 Nf6 5. Nbd2 Be7 6. Bb2 c5 7. a4 Nc6 8. Be2
O-O 9. h3 Qe8 10. exf5 Bxf5 11. Nc4 e4 12. Nh4 Bd7 13. dxe4 Nxe4 14. Nf3 Qg6
15. Ne3 Nxf2 16. Kxf2 Bh4+ 17. Kg1 Qg3 18. Bc4+ Kh8 19. Qe2 Nd4 20. Bxd4 cxd4
21. Nxh4 Qxh4 22. Ng4 Rae8 23. Qd2 Bc6 24. Bb5 Re4 25. Bxc6 bxc6 26. Nf2 Re3
27. Nd3 Rfe8 28. Rf1 g5 29. Qf2 Qe4 30. Qf6+ Kg8 31. Qxg5+ Kh8 32. Rf7 1-0

[Event "28. Torneo San Viator 2017"]
[Site "Madrid ESP"]
[Date "2017.05.21"]
[Round "7.14"]
[White "Martin Lozano, Miguel Angel"]
[Black "Martinez Rubio, Felipe"]
[Result "0-1"]
[WhiteElo "1759"]
[BlackElo "1711"]
[PlyCount "132"]
[EventDate "2017.03.26"]
[EventType "swiss"]
[EventRounds "9"]
[EventCountry "ESP"]
[SourceTitle "Ajedrez en Madrid"]
[Source "lmi"]
[SourceDate "2017.03.26"]

1. d4 Nf6 2. Bf4 e6 3. e3 c5 4. c3 d5 5. Nd2 Nc6 6. Bd3 Bd6 7. Bg3 b6 8. Ngf3
Bb7 9. Ne5 O-O 10. f4 Ne7 11. Qf3 Nf5 12. Bf2 Be7 13. g4 Nd6 14. Bh4 Nfe4 15.
Bxe7 Qxe7 16. g5 cxd4 17. exd4 f6 18. gxf6 Qxf6 19. Qh3 Rad8 20. O-O-O Qf5 21.
Qg2 g6 22. h4 Kh8 23. h5 gxh5 24. Rh4 Nf7 25. Rdh1 Nxe5 26. dxe5 Qg6 27. Qh2
Qg3 28. Nxe4 Qxh2 29. R1xh2 dxe4 30. Rxh5 Rf7 31. Bc4 Bd5 32. Bxd5 Rxd5 33.
R2h4 Rd3 34. Rh6 Re7 35. Rf6 Rd8 36. f5 exf5 37. Rxf5 e3 38. Re4 Rd3 39. e6 h6
40. Rf3 Rd8 41. Rfxe3 Kg7 42. Rf4 Rde8 43. Rg3+ Kh7 44. Re3 Rxe6 45. Rxe6 Rxe6
46. Rf7+ Kg6 47. Rxa7 h5 48. Ra8 h4 49. Rh8 Kg5 50. Kc2 Kg4 51. b4 h3 52. Kb3
Kg3 53. a4 h2 54. Kc4 Re4+ 55. Kb5 Rh4 56. Rxh4 Kxh4 57. Kxb6 h1=Q 58. c4 Qa1
59. Kb5 Kg5 60. a5 Qe5+ 61. c5 Kf6 62. a6 Qb8+ 63. Kc6 Ke6 64. b5 Qc8+ 65. Kb6
Kd5 66. c6 Kd6 0-1

[Event "28. Torneo San Viator 2017"]
[Site "Madrid ESP"]
[Date "2017.05.21"]
[Round "7.15"]
[White "Lopez Guitian, Juan J"]
[Black "Cujba, Anca-Claudia"]
[Result "0-1"]
[WhiteElo "1589"]
[BlackElo "1760"]
[PlyCount "111"]
[EventDate "2017.03.26"]
[EventType "swiss"]
[EventRounds "9"]
[EventCountry "ESP"]
[SourceTitle "Ajedrez en Madrid"]
[Source "lmi"]
[SourceDate "2017.03.26"]

1. e4 d5 2. exd5 Nf6 3. Bb5+ Nbd7 4. Qf3 g6 5. Nh3 Bg7 6. Nc3 O-O 7. Nf4 Nb6 8.
h3 a6 9. Be2 Bf5 10. d3 Qd6 11. Bd2 Qb4 12. g4 Bd7 13. Rb1 c6 14. Ne4 Qa4 15.
b3 Qxa2 16. O-O Nfxd5 17. c4 Nxf4 18. Qxf4 f5 19. Nc3 Qa3 20. Qc7 Bd4 21. Na4
Qd6 22. Qxd6 exd6 23. Nc3 fxg4 24. hxg4 Rae8 25. Rbe1 Bc8 26. Ne4 Re6 27. Kg2
d5 28. Ng5 Ref6 29. f4 dxc4 30. dxc4 Nd7 31. Bf3 Nc5 32. b4 Nd3 33. Re7 Nxf4+
34. Bxf4 Rxf4 35. Rxh7 Bxg4 36. Rxb7 Bxf3+ 37. Nxf3 Bc3 38. Rb6 Rg4+ 39. Kh3
Rxc4 40. Rxa6 Bxb4 41. Kg2 Rc2+ 42. Rf2 Rxf2+ 43. Kxf2 Rf6 44. Ke2 Kf7 45. Ra7+
Ke6 46. Ra8 c5 47. Rc8 Kd5 48. Rd8+ Kc4 49. Ne5+ Kb3 50. Nd3 Re6+ 51. Kf3 c4
52. Nf4 Rf6 53. Ke4 c3 54. Ne2 Re6+ 55. Kd3 Rxe2 56. Kxe2 0-1

[Event "28. Torneo San Viator 2017"]
[Site "Madrid ESP"]
[Date "2017.05.21"]
[Round "7.16"]
[White "Sotoca Aguado, Jose"]
[Black "Lizon Martinez, Santiago"]
[Result "1-0"]
[WhiteElo "1860"]
[BlackElo "1750"]
[PlyCount "137"]
[EventDate "2017.03.26"]
[EventType "swiss"]
[EventRounds "9"]
[EventCountry "ESP"]
[SourceTitle "Ajedrez en Madrid"]
[Source "lmi"]
[SourceDate "2017.03.26"]

1. e4 c5 2. Nf3 d6 3. d4 cxd4 4. Nxd4 Nf6 5. Nc3 a6 6. Bg5 e6 7. f4 Be7 8. Qf3
Qc7 9. O-O-O Nbd7 10. Kb1 b5 11. Bd3 Bb7 12. Rhe1 h6 13. Qh3 b4 14. Nce2 O-O-O
15. Bxf6 Bxf6 16. Nb3 Kb8 17. Qe3 a5 18. Ned4 Bxd4 19. Qxd4 a4 20. Nd2 Qc5 21.
Nf3 Rhg8 22. Bf1 Nb6 23. Re3 Kc7 24. c3 b3 25. Ree1 bxa2+ 26. Kxa2 Qa5 27. Nd2
d5 28. e5 Ba6 29. Bxa6 Qxa6 30. Qb4 Rd7 31. Nb1 Rb8 32. Na3 Nc4 33. Qc5+ Qc6
34. Qxc6+ Kxc6 35. Nxc4 dxc4 36. Rxd7 Kxd7 37. Rd1+ Kc6 38. Rd6+ Kc7 39. Rd4
Ra8 40. Rxc4+ Kb6 41. Rd4 Ra7 42. Ka3 Kb5 43. Rb4+ Kc5 44. Rd4 Kb5 45. Rb4+ Kc5
46. Rxa4 Rd7 47. Rd4 Ra7+ 48. Kb3 Rb7+ 49. Kc2 Ra7 50. b4+ Kc6 51. Kb3 Ra1 52.
Rd2 Rf1 53. g3 g5 54. Rd4 Rh1 55. fxg5 hxg5 56. h4 gxh4 57. gxh4 Rb1+ 58. Kc4
Re1 59. b5+ Kc7 60. Rf4 Rxe5 61. Rxf7+ Kb6 62. Rh7 Rc5+ 63. Kd4 e5+ 64. Ke4
Kxb5 65. h5 Kc4 66. Re7 Kxc3 67. h6 Rc4+ 68. Kxe5 Rh4 69. h7 1-0

[Event "28. Torneo San Viator 2017"]
[Site "Madrid ESP"]
[Date "2017.05.21"]
[Round "7.17"]
[White "Iriarte Diez, Enrique"]
[Black "Montoya Gandia, Manuel"]
[Result "1/2-1/2"]
[WhiteElo "1592"]
[BlackElo "1679"]
[PlyCount "61"]
[EventDate "2017.03.26"]
[EventType "swiss"]
[EventRounds "9"]
[EventCountry "ESP"]
[SourceTitle "Ajedrez en Madrid"]
[Source "lmi"]
[SourceDate "2017.03.26"]

1. d4 Nf6 2. Bg5 Ne4 3. Bf4 c5 4. f3 Qa5+ 5. c3 Nf6 6. Nd2 cxd4 7. Nb3 Qd8 8.
Nxd4 d5 9. Nb5 Na6 10. Qd4 e6 11. b4 Qb6 12. Qxb6 axb6 13. e3 Bd7 14. Nd6+ Bxd6
15. Bxd6 b5 16. Bd3 Bc6 17. Ne2 Rd8 18. Be5 O-O 19. Nd4 Nd7 20. Bd6 Rfe8 21.
Bxb5 Bxb5 22. Nxb5 e5 23. O-O-O Nb6 24. Bc7 Nxc7 25. Nxc7 Re7 26. Nb5 Rc8 27.
Kc2 Re6 28. Kb3 Kf8 29. Rhe1 e4 30. fxe4 dxe4 31. Rd4 1/2-1/2

[Event "28. Torneo San Viator 2017"]
[Site "Madrid ESP"]
[Date "2017.05.21"]
[Round "7.20"]
[White "Brana Pastor, Carlos"]
[Black "Juzgado Niella, Angel Luis"]
[Result "1-0"]
[WhiteElo "1835"]
[BlackElo "1625"]
[PlyCount "63"]
[EventDate "2017.03.26"]
[EventType "swiss"]
[EventRounds "9"]
[EventCountry "ESP"]
[SourceTitle "Ajedrez en Madrid"]
[Source "lmi"]
[SourceDate "2017.03.26"]

1. c4 c6 2. g3 d5 3. Bg2 Nf6 4. Nf3 e6 5. O-O Nbd7 6. b3 dxc4 7. bxc4 Qb6 8. d4
Bb4 9. Ba3 Bxa3 10. Nxa3 O-O 11. Qa4 Qc7 12. c5 e5 13. e3 exd4 14. exd4 Nd5 15.
Qc2 N7f6 16. Nc4 Bg4 17. Nfe5 Bh5 18. Rfe1 Bg6 19. Nxg6 fxg6 20. f4 Rad8 21.
Re2 Nxf4 22. gxf4 Qxf4 23. Qd2 Qxd4+ 24. Qxd4 Rxd4 25. Nd6 b6 26. Bxc6 bxc5 27.
Nb5 Ra4 28. Rc1 a6 29. Nc7 Rg4+ 30. Bg2 c4 31. h3 Rd4 32. Ne6 1-0

[Event "28. Torneo San Viator 2017"]
[Site "Madrid ESP"]
[Date "2017.05.28"]
[Round "8.1"]
[White "Pascual Delgado, Guillermo"]
[Black "Renteria, Jorge"]
[Result "0-1"]
[WhiteElo "1915"]
[BlackElo "2275"]
[PlyCount "84"]
[EventDate "2017.03.26"]
[EventType "swiss"]
[EventRounds "9"]
[EventCountry "ESP"]
[SourceTitle "Ajedrez en Madrid"]
[Source "lmi"]
[SourceDate "2017.03.26"]

1. d4 Nf6 2. Nf3 d6 3. Bg5 c6 4. Nbd2 h6 5. Bxf6 exf6 6. e3 f5 7. Bd3 g6 8. c3
Bg7 9. h4 h5 10. O-O d5 11. Ng5 Bh6 12. Ndf3 O-O 13. c4 Nd7 14. Rc1 Nf6 15.
cxd5 cxd5 16. g3 Ne4 17. Nh3 Qb6 18. Qe2 Be6 19. Rc2 a6 20. Rfc1 Rfe8 21. Nf4
Bxf4 22. gxf4 Rac8 23. Rxc8 Rxc8 24. Rxc8+ Bxc8 25. Qc2 Be6 26. b3 Kg7 27. Kg2
f6 28. Nd2 Qa5 29. Nxe4 fxe4 30. Be2 Qd8 31. Qc1 Bc8 32. Qh1 Qc7 33. Qd1 Qc3
34. Qb1 Qd2 35. Bd1 Bg4 36. Bxg4 hxg4 37. Kg3 Qe2 38. Qc1 Qf3+ 39. Kh2 Qxf2+
40. Kh1 g3 41. Qg1 Qf3+ 42. Qg2 Qxe3 0-1

[Event "28. Torneo San Viator 2017"]
[Site "Madrid ESP"]
[Date "2017.05.28"]
[Round "8.2"]
[White "Quispe Arteaga, Gabriel"]
[Black "Recuenco Andres, Javier"]
[Result "0-1"]
[WhiteElo "2309"]
[BlackElo "1890"]
[PlyCount "144"]
[EventDate "2017.03.26"]
[EventType "swiss"]
[EventRounds "9"]
[EventCountry "ESP"]
[SourceTitle "Ajedrez en Madrid"]
[Source "lmi"]
[SourceDate "2017.03.26"]

1. Nf3 Nf6 2. b3 d6 3. d4 g6 4. g3 Bg7 5. Bg2 c6 6. Bb2 Qa5+ 7. Nbd2 Ne4 8. O-O
Nxd2 9. Nxd2 Qh5 10. f4 Bh3 11. Bf3 Bg4 12. e4 Bxf3 13. Rxf3 c5 14. e5 O-O 15.
Qe2 cxd4 16. Qb5 Nc6 17. Qxb7 Rac8 18. exd6 exd6 19. Rf2 Na5 20. Qf3 Rxc2 21.
Qxh5 gxh5 22. Ne4 Rfc8 23. Rd1 d5 24. Rxc2 Rxc2 25. Rd2 Rxb2 26. Nf6+ Bxf6 27.
Rxb2 Nc6 28. a3 Na5 29. Kf2 d3 30. Rd2 Nxb3 31. Rxd3 Nd4 32. Ke3 Nf5+ 33. Kf3
Ne7 34. h3 Kf8 35. g4 hxg4+ 36. hxg4 h6 37. Rb3 Bd4 38. Rb8+ Kg7 39. a4 a5 40.
Rb7 Bc5 41. Rb5 Bb4 42. Ke3 Bc3 43. Kd3 d4 44. Rc5 Ng6 45. Ke4 Nh4 46. g5 hxg5
47. Rxg5+ Kf6 48. Rh5 Ng2 49. Rf5+ Ke6 50. Re5+ Kd6 51. Rf5 Ke7 52. Re5+ Kf8
53. f5 d3 54. Rd5 d2 55. Kf3 Ne1+ 56. Ke2 Ke7 57. Rc5 Bb4 58. Rc7+ Kf6 59. Rc4
Nd3 60. Rc2 Nc5 61. Ra2 Kxf5 62. Ra1 Ke4 63. Rf1 f5 64. Kd1 Nxa4 65. Kc2 f4 66.
Rh1 Ke3 67. Rh8 Nc3 68. Re8+ Ne4 69. Rh8 f3 70. Rh7 Nc3 71. Kb2 d1=Q 72. Rh1
Qxh1 0-1

[Event "28. Torneo San Viator 2017"]
[Site "Madrid ESP"]
[Date "2017.05.28"]
[Round "8.3"]
[White "Rottenwohrer Suarez, Juan"]
[Black "Arroyo Martinez, Fernando"]
[Result "1-0"]
[WhiteElo "2129"]
[BlackElo "1898"]
[PlyCount "51"]
[EventDate "2017.03.26"]
[EventType "swiss"]
[EventRounds "9"]
[EventCountry "ESP"]
[SourceTitle "Ajedrez en Madrid"]
[Source "lmi"]
[SourceDate "2017.03.26"]

1. d4 Nf6 2. c4 g6 3. Nf3 Bg7 4. g3 O-O 5. Bg2 c6 6. O-O d5 7. cxd5 cxd5 8. Nc3
Nc6 9. Ne5 Ne4 10. Nxc6 Nxc3 11. Nxe7+ Qxe7 12. bxc3 Rd8 13. Qb3 Be6 14. Bd2
Rac8 15. Rfe1 f5 16. Rab1 b6 17. a4 Rc4 18. a5 bxa5 19. Ra1 Qc7 20. Qb5 a4 21.
Rxa4 Rxa4 22. Qxa4 Qb6 23. Ra1 Ra8 24. Qa6 Rb8 25. Bf3 f4 26. Bxf4 1-0

[Event "28. Torneo San Viator 2017"]
[Site "Madrid ESP"]
[Date "2017.05.28"]
[Round "8.4"]
[White "Luque Ibanes, Manuel"]
[Black "Julian Serra, Rogelio"]
[Result "0-1"]
[WhiteElo "1994"]
[BlackElo "2002"]
[PlyCount "60"]
[EventDate "2017.03.26"]
[EventType "swiss"]
[EventRounds "9"]
[EventCountry "ESP"]
[SourceTitle "Ajedrez en Madrid"]
[Source "lmi"]
[SourceDate "2017.03.26"]

1. e4 d5 2. exd5 Nf6 3. d4 Nxd5 4. c4 Nb6 5. Nc3 e5 6. dxe5 Qxd1+ 7. Kxd1 Nc6
8. Nb5 Bg4+ 9. f3 O-O-O+ 10. Ke1 Be6 11. Be3 Nxc4 12. Nxa7+ Nxa7 13. Bxc4 Bxc4
14. Bxa7 Bb4+ 15. Kf2 Rd2+ 16. Kg3 Rxb2 17. a3 Ba5 18. Bf2 f5 19. f4 g5 20. Rc1
Bd5 21. Nf3 gxf4+ 22. Kxf4 Rxf2 23. Rc5 Bxf3 24. Rxa5 b6 25. Ke3 bxa5 26. Kxf2
Be4 27. Re1 Kb7 28. g3 Re8 29. Ke3 Rxe5 30. Kf4 Re8 0-1

[Event "28. Torneo San Viator 2017"]
[Site "Madrid ESP"]
[Date "2017.05.28"]
[Round "8.5"]
[White "Barahona Torrijos, Angel"]
[Black "Unciti Juan, Javier"]
[Result "0-1"]
[WhiteElo "1880"]
[BlackElo "1998"]
[PlyCount "60"]
[EventDate "2017.03.26"]
[EventType "swiss"]
[EventRounds "9"]
[EventCountry "ESP"]
[SourceTitle "Ajedrez en Madrid"]
[Source "lmi"]
[SourceDate "2017.03.26"]

1. e4 e6 2. d4 d5 3. Nc3 Bb4 4. e5 Ne7 5. Bd2 Nf5 6. Nf3 b6 7. Bd3 Ba6 8. Bxa6
Nxa6 9. g4 Ne7 10. Bg5 Qd7 11. Qd3 Nb8 12. h4 c5 13. dxc5 bxc5 14. O-O Nbc6 15.
Nb5 c4 16. Qe3 a6 17. a3 axb5 18. axb4 O-O 19. Qc5 Ng6 20. Rfe1 Ncxe5 21. Nd4
Rac8 22. Qxb5 Qxb5 23. Nxb5 Nf3+ 24. Kf1 Nxe1 25. Kxe1 Ra8 26. Ra5 Rxa5 27.
bxa5 Ra8 28. Bd2 Ne5 29. Bb4 Nc6 30. Nc7 Ra7 0-1

[Event "28. Torneo San Viator 2017"]
[Site "Madrid ESP"]
[Date "2017.05.28"]
[Round "8.6"]
[White "Rosa Ramirez, Victor D"]
[Black "Lobato Rivero, Carlos"]
[Result "1/2-1/2"]
[WhiteElo "1945"]
[BlackElo "1969"]
[PlyCount "109"]
[EventDate "2017.03.26"]
[EventType "swiss"]
[EventRounds "9"]
[EventCountry "ESP"]
[SourceTitle "Ajedrez en Madrid"]
[Source "lmi"]
[SourceDate "2017.03.26"]

1. e4 c5 2. c3 g6 3. d4 cxd4 4. cxd4 d5 5. e5 Nc6 6. Nf3 Bg4 7. Bb5 Rc8 8. Nc3
Nh6 9. h3 Bxf3 10. Qxf3 Nf5 11. Be3 e6 12. O-O h5 13. Rac1 Be7 14. Na4 Qa5 15.
Bxc6+ bxc6 16. b3 Qb4 17. Kh1 Nxd4 18. Qd1 Nb5 19. Nc5 Nc3 20. Bd2 Bxc5 21.
Rxc3 Qb6 22. Rg3 Be7 23. Qc2 Kd7 24. Rf3 Rhf8 25. Bh6 Rg8 26. Rxf7 Ke8 27. Rf3
Qd4 28. Be3 Qxe5 29. Bxa7 Bd6 30. g3 Qe4 31. Qxe4 dxe4 32. Re3 Ra8 33. Bd4 Rxa2
34. Rxe4 Kf7 35. Rfe1 Re8 36. R1e3 Rxf2 37. Rc3 Rd2 38. Rf3+ Ke7 39. Bf6+ Kd7
40. Bg5 Rd1+ 41. Kg2 Rf8 42. Rxf8 Bxf8 43. Rf4 Rd5 44. h4 Rf5 45. Ra4 Rb5 46.
Ra8 Bd6 47. Ra7+ Bc7 48. Kh3 e5 49. Bf6 Ke6 50. Rxc7 Kxf6 51. Rxc6+ Kf5 52. Rc3
Rb6 53. Kg2 Ke4 54. Kf2 Kd4 55. Re3 1/2-1/2

[Event "28. Torneo San Viator 2017"]
[Site "Madrid ESP"]
[Date "2017.05.28"]
[Round "8.7"]
[White "Vaquerizo Calvo, Miguel Arturo"]
[Black "Correas Gonzalez, Jose Ramon"]
[Result "1/2-1/2"]
[WhiteElo "1830"]
[BlackElo "2080"]
[PlyCount "29"]
[EventDate "2017.03.26"]
[EventType "swiss"]
[EventRounds "9"]
[EventCountry "ESP"]
[SourceTitle "Ajedrez en Madrid"]
[Source "lmi"]
[SourceDate "2017.03.26"]

1. e4 c5 2. Nf3 d6 3. d4 cxd4 4. Nxd4 Nf6 5. Nc3 a6 6. Bc4 e6 7. O-O Be7 8. f4
O-O 9. Bb3 b5 10. Be3 Bb7 11. e5 Ne8 12. Qh5 Nc6 13. Rad1 Nxd4 14. Rxd4 Qc7 15.
Rfd1 1/2-1/2

[Event "28. Torneo San Viator 2017"]
[Site "Madrid ESP"]
[Date "2017.05.28"]
[Round "8.8"]
[White "Cervino Rossel, Cristobal"]
[Black "Munoz Cebey, Ricardo"]
[Result "1-0"]
[WhiteElo "2045"]
[BlackElo "1797"]
[PlyCount "55"]
[EventDate "2017.03.26"]
[EventType "swiss"]
[EventRounds "9"]
[EventCountry "ESP"]
[SourceTitle "Ajedrez en Madrid"]
[Source "lmi"]
[SourceDate "2017.03.26"]

1. d4 d5 2. Nf3 Nf6 3. g3 e6 4. Bg2 Be7 5. O-O O-O 6. c4 dxc4 7. Qa4 a6 8. Qxc4
b5 9. Qc2 Bb7 10. Bd2 Be4 11. Qc1 Bb7 12. Rd1 Qc8 13. b4 Nc6 14. a3 a5 15. bxa5
Nxa5 16. Qb2 Nc4 17. Qxb5 Nxa3 18. Nxa3 Rxa3 19. Rxa3 Bxa3 20. Ra1 Bd6 21. Ra7
Bd5 22. Ne5 Bxg2 23. Kxg2 c5 24. Nc6 cxd4 25. Bf4 Ne8 26. Bxd6 Nxd6 27. Qc5 Nb7
28. Ne7+ 1-0

[Event "28. Torneo San Viator 2017"]
[Site "Madrid ESP"]
[Date "2017.05.28"]
[Round "8.9"]
[White "Cano Mercado, Francisco Manuel"]
[Black "Rodriguez Bittar, Karim Javier"]
[Result "1-0"]
[WhiteElo "1799"]
[BlackElo "1967"]
[PlyCount "99"]
[EventDate "2017.03.26"]
[EventType "swiss"]
[EventRounds "9"]
[EventCountry "ESP"]
[SourceTitle "Ajedrez en Madrid"]
[Source "lmi"]
[SourceDate "2017.03.26"]

1. d4 Nf6 2. Nf3 e6 3. Bg5 d5 4. e3 Be7 5. Nbd2 O-O 6. Bd3 c5 7. c3 Qb6 8. Qb3
Nc6 9. O-O c4 10. Qxb6 axb6 11. Bc2 Bd7 12. e4 h6 13. Bh4 g5 14. Bg3 b5 15. a3
Nh5 16. Rfe1 Nxg3 17. hxg3 Bd6 18. exd5 exd5 19. Nf1 Ne7 20. Ne3 f6 21. g4 Rfe8
22. g3 Rf8 23. Nf5 Nxf5 24. Bxf5 Bxf5 25. gxf5 Rfe8 26. Kf1 Kg7 27. Kg2 h5 28.
Rxe8 Rxe8 29. Re1 Rxe1 30. Nxe1 h4 31. Nc2 Kh6 32. Ne3 Kh5 33. Nxd5 h3+ 34.
Kxh3 g4+ 35. Kg2 Kg5 36. Ne3 b6 37. f3 gxf3+ 38. Kxf3 Bb8 39. Nd5 Kxf5 40. Nxb6
Ke6 41. a4 bxa4 42. Nxa4 Ba7 43. Nc5+ Kd5 44. g4 Bb6 45. Kf4 Kd6 46. Kf5 Kc6
47. Kxf6 Bxc5 48. dxc5 Kxc5 49. g5 Kb5 50. Ke5 1-0

[Event "28. Torneo San Viator 2017"]
[Site "Madrid ESP"]
[Date "2017.05.28"]
[Round "8.10"]
[White "Cujba, Anca-Claudia"]
[Black "Padin Lazaro, Jose Manuel"]
[Result "0-1"]
[WhiteElo "1760"]
[BlackElo "1914"]
[PlyCount "66"]
[EventDate "2017.03.26"]
[EventType "swiss"]
[EventRounds "9"]
[EventCountry "ESP"]
[SourceTitle "Ajedrez en Madrid"]
[Source "lmi"]
[SourceDate "2017.03.26"]

1. e4 e6 2. d4 d5 3. Nd2 c5 4. c3 Nc6 5. exd5 Qxd5 6. Ngf3 cxd4 7. Bc4 Qd8 8.
cxd4 Nxd4 9. Nxd4 Qxd4 10. Qb3 Nf6 11. h4 Bc5 12. O-O O-O 13. Nf3 Qg4 14. Bd3
b6 15. Bg5 Bb7 16. Be2 Nh5 17. Rac1 Ng3 18. Rfe1 Nxe2+ 19. Rxe2 h6 20. Rc4 Bxf3
21. Rxg4 Bxg4 22. Re4 Bf5 23. Ra4 hxg5 24. hxg5 Rfd8 25. Rh4 Rd2 26. Rf4 Rad8
27. g4 Bg6 28. Qa4 R2d4 29. Rxd4 Rxd4 30. Qe8+ Kh7 31. Qb8 Rxg4+ 32. Kf1 Bd3+
33. Ke1 Bb4+ 0-1

[Event "28. Torneo San Viator 2017"]
[Site "Madrid ESP"]
[Date "2017.05.28"]
[Round "8.11"]
[White "Martinez Rubio, Felipe"]
[Black "Garcia Sanjuan, Jose"]
[Result "0-1"]
[WhiteElo "1711"]
[BlackElo "1891"]
[PlyCount "148"]
[EventDate "2017.03.26"]
[EventType "swiss"]
[EventRounds "9"]
[EventCountry "ESP"]
[SourceTitle "Ajedrez en Madrid"]
[Source "lmi"]
[SourceDate "2017.03.26"]

1. e4 b6 2. d4 Bb7 3. Bd3 e6 4. Nf3 Nf6 5. e5 Nd5 6. O-O Nb4 7. Be2 d5 8. a3
N4c6 9. c4 Ne7 10. Nc3 h6 11. b4 dxc4 12. Bxc4 c6 13. Bb2 Nf5 14. Rc1 b5 15.
Bb3 a6 16. Ne4 Nh4 17. Nc5 Bxc5 18. Nxh4 Qxh4 19. dxc5 O-O 20. Qe2 a5 21. g3
Qe7 22. Rfd1 axb4 23. axb4 Na6 24. Qe4 Nc7 25. Bc2 g6 26. h4 Kh7 27. h5 Rg8 28.
hxg6+ fxg6 29. Ra1 Nd5 30. Rxa8 Bxa8 31. Ra1 Qf7 32. Ra3 Qf5 33. Qe2 Qg5 34.
Ra7+ Rg7 35. Rxa8 Rf7 36. Kh2 h5 37. Qe4 Rxf2+ 38. Kh1 Rf1+ 39. Kh2 h4 40.
Qxg6+ Qxg6 41. Bxg6+ Kxg6 42. Kg2 Ne3+ 43. Kh2 Rf2+ 44. Kh3 Rxb2 45. gxh4 Rxb4
46. Rc8 Re4 47. Rxc6 Rxe5 48. Rc8 b4 49. c6 Rc5 50. c7 Kg7 51. Rb8 Rxc7 52.
Rxb4 Nf5 53. Kg4 Kg6 54. Kh3 Rc1 55. Kh2 Re1 56. Kh3 Rh1+ 57. Kg2 Rxh4 58. Rb6
Rd4 59. Kf3 Rd6 60. Rb4 e5 61. Ke2 Nd4+ 62. Kf2 Kf5 63. Ra4 Kf4 64. Ra8 e4 65.
Rf8+ Nf5 66. Ke2 Rd5 67. Rf6 Re5 68. Rf8 e3 69. Rf7 Ke4 70. Rf8 Nd4+ 71. Ke1
Kd3 72. Rd8 Ra5 73. Kf1 Ra1+ 74. Kg2 e2 0-1

[Event "28. Torneo San Viator 2017"]
[Site "Madrid ESP"]
[Date "2017.05.28"]
[Round "8.13"]
[White "Gonzalez-Ruano Perez, Cesar"]
[Black "Sainz Pino, Fernando"]
[Result "0-1"]
[WhiteElo "1882"]
[BlackElo "1895"]
[PlyCount "64"]
[EventDate "2017.03.26"]
[EventType "swiss"]
[EventRounds "9"]
[EventCountry "ESP"]
[SourceTitle "Ajedrez en Madrid"]
[Source "lmi"]
[SourceDate "2017.03.26"]

1. Nf3 Nf6 2. g3 g6 3. b3 Bg7 4. Bb2 O-O 5. c4 c5 6. Bg2 Nc6 7. O-O Rb8 8. Nc3
d6 9. e3 Bg4 10. h3 Bxf3 11. Qxf3 Re8 12. Rfd1 e5 13. d3 Nd7 14. Rd2 a6 15.
Rad1 Nf6 16. d4 exd4 17. Nd5 Ne4 18. Rd3 dxe3 19. Rxe3 Bxb2 20. Rxe4 Rxe4 21.
Qxe4 Qe8 22. Qc2 Bg7 23. Qd2 Qe5 24. Re1 Qd4 25. Qe2 Qe5 26. Qd2 Qd4 27. Qe2
Be5 28. Kh1 Qb2 29. Qf3 Nd4 30. Qe3 Nc2 31. Re2 Nxe3 32. Rxb2 Nxd5 0-1

[Event "28. Torneo San Viator 2017"]
[Site "Madrid ESP"]
[Date "2017.05.28"]
[Round "8.14"]
[White "Linares Leyva, David"]
[Black "Sotoca Aguado, Jose"]
[Result "0-1"]
[WhiteElo "1810"]
[BlackElo "1860"]
[PlyCount "46"]
[EventDate "2017.03.26"]
[EventType "swiss"]
[EventRounds "9"]
[EventCountry "ESP"]
[SourceTitle "Ajedrez en Madrid"]
[Source "lmi"]
[SourceDate "2017.03.26"]

1. Nf3 d5 2. c4 d4 3. e3 c5 4. b4 e6 5. Bb2 dxe3 6. fxe3 cxb4 7. Be2 Nf6 8. O-O
Be7 9. d4 O-O 10. Qd3 b6 11. Nbd2 Bb7 12. e4 Nbd7 13. e5 Ne8 14. Ne4 b5 15. c5
Nc7 16. Nd6 Bd5 17. Nd2 a6 18. Bh5 f5 19. exf6 Nxf6 20. Bf7+ Kh8 21. Qh3 Bxd6
22. cxd6 Rxf7 23. dxc7 Rxc7 0-1

[Event "28. Torneo San Viator 2017"]
[Site "Madrid ESP"]
[Date "2017.05.28"]
[Round "8.15"]
[White "Mazo Fernandez, Roberto"]
[Black "Montoya Gandia, Manuel"]
[Result "1-0"]
[WhiteElo "1982"]
[BlackElo "1679"]
[PlyCount "69"]
[EventDate "2017.03.26"]
[EventType "swiss"]
[EventRounds "9"]
[EventCountry "ESP"]
[SourceTitle "Ajedrez en Madrid"]
[Source "lmi"]
[SourceDate "2017.03.26"]

1. d4 Nf6 2. c4 g6 3. Nc3 d5 4. Qb3 dxc4 5. Qxc4 Bg7 6. e4 O-O 7. Be2 b6 8. Bf4
Bb7 9. Bf3 c5 10. dxc5 Nfd7 11. cxb6 Nxb6 12. Qb3 N8d7 13. Rd1 Qc8 14. Nge2 Nc5
15. Qc2 e5 16. Be3 Ne6 17. b3 f5 18. O-O f4 19. Bxb6 axb6 20. Bg4 Qc6 21. Bxe6+
Qxe6 22. f3 Rac8 23. Qd2 Ba6 24. Nd5 Rfd8 25. Rc1 Bf8 26. Rxc8 Qxc8 27. Rc1 Qe6
28. Rc2 Bc5+ 29. Kf1 Be3 30. Qe1 Bc5 31. Ndc3 g5 32. Na4 Bd4 33. Rc6 Qf7 34.
Nxb6 Bb5 35. Rc8 1-0

[Event "28. Torneo San Viator 2017"]
[Site "Madrid ESP"]
[Date "2017.05.28"]
[Round "8.16"]
[White "Criado Jimenez, Jose"]
[Black "Del Noval Nemeshazi, Nesztor"]
[Result "0-1"]
[WhiteElo "1678"]
[BlackElo "1862"]
[PlyCount "58"]
[EventDate "2017.03.26"]
[EventType "swiss"]
[EventRounds "9"]
[EventCountry "ESP"]
[SourceTitle "Ajedrez en Madrid"]
[Source "lmi"]
[SourceDate "2017.03.26"]

1. e4 c5 2. Nf3 d6 3. d4 cxd4 4. Nxd4 Nf6 5. Nc3 a6 6. Bg5 e6 7. f4 Qc7 8. Qd3
Nc6 9. Nxc6 Qxc6 10. O-O-O Bd7 11. e5 Ng4 12. Qe2 h5 13. h3 Nh6 14. Qxh5 b5 15.
exd6 b4 16. Nd5 Bxd6 17. Be2 exd5 18. Bf3 Rc8 19. Rd2 Be6 20. Re1 Kf8 21. f5
Bxf5 22. Bxd5 Qc7 23. Bxh6 Bxc2 24. Bxg7+ Kxg7 25. Qxf7+ Qxf7 26. Bxf7 Bf4 27.
Be6 Rc7 28. Ree2 Rd8 29. Rf2 Ba4+ 0-1